000 00552nam a2200169 i 4500
001 22799
003 ES-MaACL
005 20230906152746.0
007 t|
008 021204s1964 sp ||||1| spa d
100 1 _aAlvarez Requejo, Sergio.
_920930
245 1 3 _aEl cultivo frutal /
_cpor Sergio Alvarez Requejo.
260 _aOviedo :
_b[s.n.,
_c1964] (
_fImp. del Boletín Oficial de la Provincia)
300 _aXII, 388 p. :
_bil. ;
_c23 cm.
500 _aPrecede al tít.: Diputación Provincial de Oviedo.
852 _aES-MaACL
_jC-25371
_bR.53939
999 _c22799
_d22799